Faculty of Law Library — Cairo University

Official Online Catalog

Économie de I'Europe Future / (Record no. 55889)

MARC details
000 -LEADER
fixed length control field 00953nam a2200313 i 4500
003 - CONTROL NUMBER IDENTIFIER
control field EG-GICUC
005 - DATE AND TIME OF LATEST TRANSACTION
control field 20260121101709.0
008 - FIXED-LENGTH DATA ELEMENTS--GENERAL INFORMATION
fixed length control field 260110s1932 ua ||||f |||| 00| 0 fre d
040 ## - CATALOGING SOURCE
Original cataloging agency EG-GiCUC
Language of cataloging fre
Transcribing agency EG-GiCUC
Modifying agency EG-GiCUC
Description conventions Rda
041 0# - LANGUAGE CODE
Language code of text/sound track or separate title fre
082 04 - DEWEY DECIMAL CLASSIFICATION NUMBER
Edition number 21
Classification number 330.040
Item number GI . É
092 04 - LOCALLY ASSIGNED DEWEY CALL NUMBER (OCLC)
Edition number 21
099 ## - LOCAL FREE-TEXT CALL NUMBER (OCLC)
Classification number Law1 13 330.040 GI . É 1932
100 1# - MAIN ENTRY--PERSONAL NAME
Personal name Gitaud, René
Relator term Auteur
245 10 - TITLE STATEMENT
Title Économie de I'Europe Future /
Statement of responsibility, etc. René Gitaud.
264 #1 - PRODUCTION, PUBLICATION, DISTRIBUTION, MANUFACTURE, AND COPYRIGHT NOTICE
Place of production, publication, distribution, manufacture Paris :
Name of producer, publisher, distributor, manufacturer Librairie Valois.
Date of production, publication, distribution, manufacture, or copyright notice 1932.
300 ## - PHYSICAL DESCRIPTION
Extent 223 page ;
Dimensions 24 cm.
336 ## - CONTENT TYPE
Source rda contenu
Content type term texte
337 ## - MEDIA TYPE
Source rda medias
Media type term Ordinateur
338 ## - CARRIER TYPE
Source transporteur rda
Carrier type term Ressource en ligne
490 ## - SERIES STATEMENT
Series statement Crises et Plans
Volume/sequential designation IV
504 ## - BIBLIOGRAPHY, ETC. NOTE
Bibliography, etc. note Comprend des références bibliographiques.<br/><br/>
546 ## - LANGUAGE NOTE
Language note Texte en français
650 14 - SUBJECT ADDED ENTRY--TOPICAL TERM
Topical term or geographic name entry element Économie
650 14 - SUBJECT ADDED ENTRY--TOPICAL TERM
Topical term or geographic name entry element Europe
856 40 - ELECTRONIC LOCATION AND ACCESS
Uniform Resource Identifier <a href="https://fll.law.cu.edu.eg/fulltext/bks/B13-09373.pdf">https://fll.law.cu.edu.eg/fulltext/bks/B13-09373.pdf</a>
905 ## - Cataloger and Reviser Names
Cataloger Name: Wesam Mahmoud
942 ## - ADDED ENTRY ELEMENTS (KOHA)
Source of classification or shelving scheme Dewey Decimal Classification
Suppress in OPAC No
Koha item type Books
Edition 21
Holdings
Withdrawn status Lost status Source of classification or shelving scheme Damaged status Not for loan Collection Home library Current library Date acquired Total checkouts Full call number Barcode Date last seen Copy number Price effective from Koha item type
    Dewey Decimal Classification   Not for loan المالية العامة والتشريع الضريبي جــــامعة القــاهرة مكتبة كلية الحقوق - المبنى الرئيسي 10.01.2026   Law1 13 330.040 GI . É 1932 1309373 C1 B13-09373 10.01.2026 1 10.01.2026 Books
    Dewey Decimal Classification     المالية العامة والتشريع الضريبي جــــامعة القــاهرة مكتبة كلية الحقوق - المبنى الرئيسي 10.01.2026   Law1 13 330.040 GI . É 1932 1309303 C2 B13-09303 10.01.2026 2 10.01.2026 Books

© All rights reserved — Faculty of Law, Cairo University